000
00352 a2200169 4500
001
186550
020
_a
85-281-0128-2
040
_c
Magnum
100
_a
Machado, Ana Maria
240
1
0
_a
Quenco, o pato
_l
por
245
1
0
_a
Quenco, o pato
300
_a
22
362
0
_a
1995
440
1
_a
Salamandra
697
_a
LITERATURA INFANTO
942
_c
BK
999
_c
186550
_d
186550